000
00306nam a2200121Ia 4500
008
220120s9999||||xx |||||||||||||| ||und||
082
_a
823 FOL
100
_a
Follett, Ken
_9
11960
245
4
_a
The man from st.petersburg
260
_a
Signet
_b
Mysore
_c
1982
300
_a
130p.
_b
25
650
_a
GENERAL BOOKS
999
_c
137507
_d
137507